| 000 | 00561nam a2200205Ia 4500 | ||
|---|---|---|---|
| 005 | 20250508163150.0 | ||
| 008 | 008 250505s9999 xx 000 0 hin d | ||
| 037 | _aTextBook | ||
| 040 |
_aFEDL _beng _cFEDL |
||
| 041 |
_ahin _2eng |
||
| 084 |
_a155, HUR _qFEDL |
||
| 100 | _aHarlock Elizabath B | ||
| 245 | 0 | _aVikas manovigyan | |
| 260 |
_aNew Delhi, India _bVegyanik Tatha Takniq Subdawali Ayog _c1967 |
||
| 300 | _a425,74p | ||
| 365 |
_aINR _b9 |
||
| 650 | _aDevelopmental Psychology | ||
| 942 |
_cTB _h155, HUR |
||
| 999 |
_c1381248 _d1381248 |
||